| 000 | 01016nab a22002297a 4500 | ||
|---|---|---|---|
| 999 |
_c5960 _d5960 |
||
| 003 | OSt | ||
| 005 | 20260114134237.0 | ||
| 008 | 190605e xxu||||| |||| 00| 0 spa d | ||
| 040 | _cPJ | ||
| 100 |
_96800 _aBarciela, Gonzalo |
||
| 245 | 1 | 3 |
_aLa empresa, el empresario y el establecimiento : _binstituciones medulares del Régimen de Contrato de Trabajo / _cGonzalo Barciela. |
| 260 |
_aCiudad Autónoma de Buenos Aires : _bThomson Reuters La Ley, _c2024. |
||
| 300 | _ap. 11-14 | ||
| 500 | _aCita: TR LALEY AR/DOC/2618/2024. | ||
| 505 | _aSumario: I. Introducción.— II. Ficción e institución.— III. A modo de conclusión. | ||
| 505 | _t¿Te interesa el texto completo? Solicitalo al correo: koha@justierradelfuego.gov.ar | ||
| 650 | 0 |
_91316 _aDERECHO LABORAL |
|
| 650 | 0 |
_91323 _aCONTRATO DE TRABAJO |
|
| 650 | 0 |
_9583 _aEMPRESA |
|
| 773 | 0 |
_02711 _93168 _dCiudad Autónoma de Buenos Aires : Thomson Reuters La Ley, 1999-2002. _tRevista de derecho del trabajo. Nº 6 - Noviembre 2024 |
|
| 942 |
_2udc _cANA |
||